| 000 | 00619cam a2200217 a 4500 | ||
|---|---|---|---|
| 001 | 000004097 | ||
| 003 | DO-SdBNP | ||
| 005 | 20211112141429.0 | ||
| 008 | 810218s1982 nyu 000 f eng d | ||
| 020 | _a0449245489 | ||
| 040 |
_aDO-SdBNP _cBNPHU _dç _bBNPHU |
||
| 082 |
_a813.54 _bU66r |
||
| 100 | 1 |
_aUpdike, John. _912199 |
|
| 245 | 1 | 0 |
_aRabbit is rich / _cJohn Updike. |
| 300 |
_a437 p. ; _c17 cm. |
||
| 650 | 4 |
_aLiteratura estadounidense _ySiglo XX _96874 |
|
| 650 | 4 |
_aNovela estadounidense _vSiglo XX _912200 |
|
| 910 | _aCatalogación por copia / LC | ||
| 910 | _aJornada de catalogación | ||
| 942 |
_2ddc _cLBS1 |
||
| 999 |
_c3915 _d3915 |
||